La industria del salitre en Chile / (Record no. 143219)

MARC details
000 -LEADER
campo de control de longitud fija 00821nam a2200205 4500
001 - NÚMERO DE CONTROL
campo de control 143219
003 - IDENTIFICADOR DE NÚMERO DE CONTROL
campo de control ES-MaACL
005 - FECHA Y HORA DE LA ÚLTIMA TRANSACCIÓN
campo de control 20230906200744.0
007 - CAMPO FIJO DE DESCRIPCIÓN FÍSICA--INFORMACIÓN GENERAL
campo de control de longitud fija t|
008 - DATOS DE LONGITUD FIJA--INFORMACIÓN GENERAL
campo de control de longitud fija 070214s1908 cl r ||||1| spa d
100 1# - ENTRADA PRINCIPAL--NOMBRE DE PERSONA
Nombre de persona Semper, Erwin.
9 (RLIN) 105399
245 13 - MENCIÓN DEL TÍTULO
Título La industria del salitre en Chile /
Mención de responsabilidad, etc. Erwin Semper, Dr. Michels ; traducida directamente del alemán considerablemente aumentada por Javier Gandarillas, Orlando Gluigliotto Salas.
260 ## - PUBLICACIÓN, DISTRIBUCIÓN, ETC.
Lugar de publicación, distribución, etc. Santiago de Chile :
Nombre del editor, distribuidor, etc. [s.n.],
Fecha de publicación, distribución, etc. 1908.
300 ## - DESCRIPCIÓN FÍSICA
Extensión XIII, 417 p. ;
Dimensiones 26 cm.
500 ## - NOTA GENERAL
Nota general monografía publicada en la Revista Oficial de Minas, Metalurgia y Sustancias Salinas, vol. 52, año 1904 en Berlín.
700 1# - ENTRADA AGREGADA--NOMBRE PERSONAL
Nombre de persona Gandarillas, Javier.
9 (RLIN) 53831
700 1# - ENTRADA AGREGADA--NOMBRE PERSONAL
Nombre de persona Gluigliotto Salas, Orlando.
9 (RLIN) 57462
700 1# - ENTRADA AGREGADA--NOMBRE PERSONAL
Nombre de persona Dr. Michels.
9 (RLIN) 45564
852 ## - LOCALIZACIÓN
Ubicación ES-MaACL
Número de control de estantería G-5296
Holdings
Estatus retirado Estado de pérdida Estado de daño No para préstamo Biblioteca de origen Biblioteca actual Ubicación en estantería Fecha de adquisición Fuente de adquisición Total de préstamos Signatura topográfica completa Código de barras Visto por última vez Precio de reemplazo Tipo de ítem Koha
        Biblioteca del Ateneo de Madrid Biblioteca del Ateneo de Madrid Depósito 2 17/01/2008     G-5296 1149010 23/02/2023 23/02/2023 Libro impreso